00888nam a2200205Ia 450000500170000000800410001702000230005804000140008104100060009508200180010124500170011926000520013630000640018894200450025294200120029799900190030995200940032895201080042295201520053020240415110149.0230213s9999 xx 000 0 und d a9781848108950qpbk aRDAc3228 2E aJ 910.02 PLAN 0aPlanet earth aThaxted, Essex:bMiles kelly Publishing,c2007. a[unnumbered]bColour illustrations, Includes indexc22.5 cm w561xJohn Tresiddery162zElsie Maluleke cBK2ddc c745076d745075 00104070aLEBOLbLEBOLd2023-02-13l0oJ 910.02 PLANp67843r2023-02-13w2023-02-13yBK 00102ddc4070aLYDELbHLHLLd2024-04-15l0oJ 910.02 PLANp33228031025614r2024-04-15w2024-04-15yBK 00102ddc40708900aAMERLbAMERLcNon_Fictiond2026-04-08i9781848108950l1oJ 910.02 PLANp3300410015059r2026-06-18s2026-06-11w2026-04-08yBK